|
|
|
|
| LEADER |
02226nam a2200625 i 4500 |
| 001 |
nkc20162855807 |
| 003 |
CZ PrNK |
| 005 |
20170222163621.0 |
| 007 |
ta |
| 008 |
161111s2016 xr ac f 000 0 cze |
| 015 |
|
|
|a cnb002855807
|
| 020 |
|
|
|a 978-80-906540-1-3
|q (Nadace Tomáše Bati ;
|q brožováno)
|
| 035 |
|
|
|a (OCoLC)972597104
|
| 040 |
|
|
|a BOA001
|b cze
|d ABA001
|e rda
|
| 043 |
|
|
|a e-xr---
|b e-xr-zl
|2 czenas
|
| 045 |
|
|
|a x-x-
|
| 072 |
|
7 |
|a 658
|x Řízení a správa podniku
|2 Konspekt
|9 4
|
| 080 |
|
|
|a 658.114-051
|2 MRF
|
| 080 |
|
|
|a 658
|2 MRF
|
| 080 |
|
|
|a 658.114
|2 MRF
|
| 080 |
|
|
|a 316.64
|2 MRF
|
| 080 |
|
|
|a 658BATA
|2 MRF
|
| 080 |
|
|
|a (437.323)
|2 MRF
|
| 080 |
|
|
|a (048.8)
|2 MRF
|
| 100 |
1 |
|
|a Rybka, Zdeněk,
|d 1927-
|7 jn20000620320
|4 aut
|
| 245 |
1 |
0 |
|a Základní zásady Baťova systému řízení /
|c Zdeněk Rybka
|
| 250 |
|
|
|a Čtvrté vydání
|
| 264 |
|
1 |
|a Zlín :
|b Fosfa a.s. :
|b Nadace Tomáše Bati :
|b Klub absolventů Baťovy školy práce,
|c 2016
|
| 300 |
|
|
|a 134 stran :
|b ilustrace, portréty ;
|c 21 cm
|
| 336 |
|
|
|a text
|b txt
|2 rdacontent
|
| 337 |
|
|
|a bez média
|b n
|2 rdamedia
|
| 338 |
|
|
|a svazek
|b nc
|2 rdacarrier
|
| 500 |
|
|
|a Chronologický přehled
|
| 504 |
|
|
|a Obsahuje bibliografii
|
| 600 |
1 |
7 |
|a Baťa, Tomáš,
|d 1876-1932
|7 jk01011102
|2 czenas
|
| 648 |
|
7 |
|a 20. století
|7 ch460558
|2 czenas
|
| 650 |
0 |
7 |
|a podnikatelé
|7 ph124163
|z Česko
|y 20. století
|2 czenas
|
| 650 |
0 |
7 |
|a podnikový management
|7 ph115763
|2 czenas
|
| 650 |
0 |
7 |
|a podnikání
|7 ph115766
|2 czenas
|
| 650 |
0 |
7 |
|a názory a postoje
|7 ph137634
|2 czenas
|
| 650 |
0 |
7 |
|a Baťova soustava řízení
|7 ph690115
|2 czenas
|
| 650 |
0 |
9 |
|a businessmen
|z Czechia
|y 20th century
|2 eczenas
|
| 650 |
0 |
9 |
|a industrial management
|2 eczenas
|
| 650 |
0 |
9 |
|a business
|2 eczenas
|
| 650 |
0 |
9 |
|a views and attitudes
|2 eczenas
|
| 650 |
0 |
9 |
|a Bata system of management
|2 eczenas
|
| 651 |
|
7 |
|a Zlín (Česko)
|7 ge128609
|2 czenas
|
| 651 |
|
9 |
|a Zlín (Czechia)
|2 eczenas
|
| 655 |
|
7 |
|a monografie
|7 fd132842
|2 czenas
|
| 655 |
|
9 |
|a monographs
|2 eczenas
|
| 910 |
2 |
|
|a BOA001
|b 2-1380.510
|
| 990 |
|
|
|a BK
|
| 995 |
|
|
|a 01
|
| 991 |
|
|
|b 201702
|c NOV
|
| 996 |
6 |
|
|b 2610692867
|c 2-1380.510
|l MZK
|r Sklad / do 1 hodiny
|n 9
|p p.v.
|w 001594978
|u 000010
|a 1
|e BOA001
|j MZK50
|s P
|